Most Streamed Mac Miller Songs - Statistics

General Stats
  • This quiz has been taken 136 times
  • The average score is 9 of 20
Answer Stats
# Streams Answer % Correct
1 1,271,895,906 The Spins
81%
2 842,065,485 Self Care
71%
6 515,528,444 Congratulations
63%
20 239,349,182 2009
49%
19 265,792,878 Cinderella
46%
5 527,734,200 Good News
46%
7 511,430,338 Small Worlds
46%
3 783,787,359 Weekend
46%
14 384,062,624 Ladders
44%
12 463,009,939 Blue World
42%
10 472,209,742 Come Back to Earth
42%
8 481,935,361 Donald Trump
39%
11 470,570,024 Dang!
37%
18 289,942,453 Nikes on My Feet
37%
4 586,285,420 The Way
36%
9 476,661,835 Love Lost
34%
15 351,328,384 Knock Knock
32%
16 297,940,884 What's the Use?
32%
13 444,567,448 My Favorite Part
25%
17 297,314,364 Hurt Feelings
22%
No matching quizzes found
Score Distribution
Percent of People with Each Score
Percentile by Number Answered
Your Score History
You have not taken this quiz